[Event "Turkish Club Cup 2019"]
[Site "Konya"]
[Date "2019.07.18"]
[Round "5"]
[White "Kocyigit, Buse Naz"]
[Black "Yalcin, Nehir"]
[Result "1/2-1/2"]
[WhiteElo "2045"]
[BlackElo "1392"]
[Annotator "NA"]
[PlyCount "85"]
[EventDate "2019.07.16"]
[EventType "team-tourn"]
[EventCountry "TUR"]
[SourceTitle "playchess.com"]
[Source "ChessBase"]
[SourceQuality "1"]
[TimeControl "5400+30"]

1. d4 {[%emt 0:00:30]} Nf6 {[%emt 0:00:30]} 2. Bg5 {[%emt 0:00:00]} g6 {[%emt 0:01:30]} 3. Bxf6 {[%emt 0:00:00]} exf6 {[%emt 0:00:30]} 4. e3 {[%emt 0:00:30]} Bg7 {[%emt 0:00:30]} 5. g3 {[%emt 0:00:30]} d6 {[%emt 0:04:30]} 6. Bg2 {[%emt 0:00:30]} Nc6 {[%emt 0:00:30]} 7. c4 {[%emt 0:02:30]} Bd7 {[%emt 0:03:30]} 8. Nc3 {[%emt 0:00:00]} O-O {[%emt 0:03:30]} 9. Nge2 {[%emt 0:00:00]} a5 {[%emt 0:00:30]} 10. O-O {[%emt 0:00:30]} Re8 {[%emt 0:06:30]} 11. b3 {[%emt 0:01:30]} Qc8 {[%emt 0:04:30]} 12. Nf4 {[%emt 0:03:30]} Ne7 {[%emt 0:05:30]} 13. a3 {[%emt 0:01:30]} Nc6 {[%emt 0:02:30]} 14. Nfd5 {[%emt 0:01:30]} Nd8 {[%emt 0:05:30]} 15. Rc1 {[%emt 0:04:30]} Ne6 {[%emt 0:02:30]} 16. b4 {[%emt 0:15:30]} axb4 {[%emt 0:02:30]} 17. axb4 {[%emt 0:00:30]} Qd8 {[%emt 0:03:30]} 18. c5 {[%emt 0:02:30]} dxc5 {[%emt 0:04:30]} 19. bxc5 {[%emt 0:00:30]} Bc6 {[%emt 0:01:30]} 20. Qc2 {[%emt 0:08:30]} Qd7 {[%emt 0:07:30]} 21. Ra1 {[%emt 0:06:30]} f5 {[%emt 0:07:30]} 22. Rxa8 {[%emt 0:07:30]} Rxa8 {[%emt 0:00:30]} 23. Nb4 {[%emt 0:08:30]} Bxg2 {[%emt 0:07:30]} 24. Kxg2 {[%emt 0:00:00]} f4 {[%emt 0:04:43]} 25. Qe4 {[%emt 0:07:00]} fxe3 {[%emt 0:05:19]} 26. fxe3 {[%emt 0:02:30]} Nxc5 {[%emt 0:02:03]} 27. dxc5 {[%emt 0:07:30]} Qd2+ {[%emt 0:03:43]} 28. Rf2 {[%emt 0:00:34]} Qxc3 {[%emt 0:00:03]} 29. Qxb7 {[%emt 0:00:27]} Re8 {[%emt 0:00:35]} 30. Qxc7 {[%emt 0:00:59]} Qb3 {[%emt 0:00:47]} 31. Qd7 {[%emt 0:05:43]} Qxe3 {[%emt 0:02:13]} 32. Qxf7+ {[%emt 0:01:53]} Kh8 {[%emt 0:00:05]} 33. Nc2 {[%emt 0:08:06]} Qe4+ {[%emt 0:03:44]} 34. Qf3 {[%emt 0:00:30]} Qxf3+ {[%emt 0:00:00]} 35. Rxf3 {[%emt 0:01:51]} Rc8 {[%emt 0:00:02]} 36. Rd3 {[%emt 0:01:05]} Bf8 {[%emt 0:00:19]} 37. Rc3 {[%emt 0:01:08]} Rxc5 {[%emt 0:01:24]} 38. Rxc5 {[%emt 0:00:30]} Bxc5 {[%emt 0:00:30]} 39. Kf3 {[%emt 0:00:00]} Kg7 {[%emt 0:00:00]} 40. Ne1 {[%emt 0:00:18]} Kf6 {[%emt 0:00:27]} 41. Nd3 {[%emt 0:00:18]} Bd4 {[%emt 0:00:43]} 42. Nf4 {[%emt 0:00:54]} Be5 {[%emt 0:01:10]} 43. Nd3 {[%emt 0:00:56]} 1/2-1/2

[Event "Turkish Club Cup 2019"]
[Site "Konya"]
[Date "2019.07.18"]
[Round "5"]
[White "Daghan, Devran"]
[Black "Sayin, Atakan"]
[Result "1/2-1/2"]
[WhiteElo "2023"]
[BlackElo "1925"]
[Annotator "NA"]
[PlyCount "83"]
[EventDate "2019.07.16"]
[EventType "team-tourn"]
[EventCountry "TUR"]
[SourceTitle "playchess.com"]
[Source "ChessBase"]
[SourceQuality "1"]
[TimeControl "5400+30"]

1. e4 {[%emt 0:00:30]} e6 {[%emt 0:00:30]} 2. d4 {[%emt 0:00:00]} d5 {[%emt 0:00:30]} 3. Nd2 {[%emt 0:00:00]} c5 {[%emt 0:02:30]} 4. Ngf3 {[%emt 0:00:00]} Nc6 {[%emt 0:01:30]} 5. exd5 {[%emt 0:02:00]} exd5 {[%emt 0:02:30]} 6. dxc5 {[%emt 0:00:30]} Bxc5 {[%emt 0:00:30]} 7. Be2 {[%emt 0:00:30]} Nge7 {[%emt 0:04:30]} 8. O-O {[%emt 0:01:30]} O-O {[%emt 0:01:30]} 9. a3 {[%emt 0:00:00]} Ng6 {[%emt 0:09:30]} 10. Nb3 {[%emt 0:07:00]} Bb6 {[%emt 0:08:30]} 11. Bg5 {[%emt 0:01:30]} f6 {[%emt 0:01:30]} 12. Bh4 {[%emt 0:03:30]} Nf4 {[%emt 0:07:30]} 13. Bg3 {[%emt 0:02:30]} Nxe2+ {[%emt 0:02:30]} 14. Qxe2 {[%emt 0:07:30]} Re8 {[%emt 0:02:30]} 15. Qd2 {[%emt 0:01:30]} Bg4 {[%emt 0:05:30]} 16. Nfd4 {[%emt 0:13:30]} Qd7 {[%emt 0:09:30]} 17. h3 {[%emt 0:04:30]} Bh5 {[%emt 0:01:30]} 18. Rfe1 {[%emt 0:04:30]} a6 {[%emt 0:06:30]} 19. Nxc6 {[%emt 0:06:30]} Qxc6 {[%emt 0:00:30]} 20. Nd4 {[%emt 0:00:30]} Bxd4 {[%emt 0:03:30]} 21. Qxd4 {[%emt 0:01:30]} Rxe1+ {[%emt 0:03:30]} 22. Rxe1 {[%emt 0:00:30]} Re8 {[%emt 0:00:30]} 23. Rxe8+ {[%emt 0:00:30]} Bxe8 {[%emt 0:00:00]} 24. c3 {[%emt 0:00:30]} Bg6 {[%emt 0:04:00]} 25. h4 {[%emt 0:03:30]} h5 {[%emt 0:01:30]} 26. f3 {[%emt 0:10:30]} Qb5 {[%emt 0:02:25]} 27. b4 {[%emt 0:00:00]} Qd3 {[%emt 0:04:13]} 28. Qxd3 {[%emt 0:01:00]} Bxd3 {[%emt 0:00:39]} 29. Kf2 {[%emt 0:00:30]} Kf7 {[%emt 0:00:00]} 30. Bd6 {[%emt 0:00:30]} Ke6 {[%emt 0:01:15]} 31. Bf8 {[%emt 0:00:30]} g5 {[%emt 0:00:42]} 32. Ke3 {[%emt 0:04:30]} Bc4 {[%emt 0:02:01]} 33. hxg5 {[%emt 0:02:30]} fxg5 {[%emt 0:00:38]} 34. f4 {[%emt 0:00:00]} gxf4+ {[%emt 0:01:09]} 35. Kxf4 {[%emt 0:00:00]} Bf1 {[%emt 0:01:08]} 36. g3 {[%emt 0:00:00]} Bc4 {[%emt 0:00:24]} 37. Bg7 {[%emt 0:00:00]} Bb3 {[%emt 0:00:28]} 38. Ke3 {[%emt 0:00:00]} Bc4 {[%emt 0:00:31]} 39. Kd4 {[%emt 0:00:00]} Kd6 {[%emt 0:00:24]} 40. Be5+ {[%emt 0:00:30]} Kc6 {[%emt 0:00:30]} 41. a4 {[%emt 0:00:00]} Bb3 {[%emt 0:00:25]} 42. a5 {[%emt 0:00:00]} 1/2-1/2

[Event "Turkish Club Cup 2019"]
[Site "Konya"]
[Date "2019.07.18"]
[Round "5"]
[White "Taskaya, Muhammed"]
[Black "Atas, Yunus"]
[Result "1-0"]
[WhiteElo "2011"]
[BlackElo "1876"]
[Annotator "NA RC"]
[PlyCount "99"]
[EventDate "2019.07.16"]
[EventType "team-tourn"]
[EventCountry "TUR"]
[SourceTitle "playchess.com"]
[Source "ChessBase"]
[SourceQuality "1"]
[TimeControl "5400+30"]

1. e4 {[%emt 0:00:30]} c5 {[%emt 0:01:30]} 2. d4 {[%emt 0:00:00]} cxd4 {[%emt 0:01:30]} 3. c3 {[%emt 0:00:00]} dxc3 {[%emt 0:01:30]} 4. Nxc3 {[%emt 0:00:00]} e6 {[%emt 0:01:30]} 5. Nf3 {[%emt 0:00:00]} a6 {[%emt 0:00:30]} 6. Bc4 {[%emt 0:00:30]} Nc6 {[%emt 0:00:30]} 7. O-O {[%emt 0:00:30]} b5 {[%emt 0:00:30]} 8. Bb3 {[%emt 0:00:00]} Bb7 {[%emt 0:00:00]} 9. Qe2 {[%emt 0:00:00]} Na5 {[%emt 0:04:00]} 10. Bc2 {[%emt 0:04:30]} Ne7 {[%emt 0:08:30]} 11. Rd1 {[%emt 0:27:30]} Ng6 {[%emt 0:03:30]} 12. Bg5 {[%emt 0:20:30]} Be7 {[%emt 0:01:30]} 13. Bxe7 {[%emt 0:00:30]} Qxe7 {[%emt 0:00:00]} 14. e5 {[%emt 0:42:30]} O-O {[%emt 0:05:00]} 15. Ne4 {[%emt 0:00:00]} Nc4 {[%emt 0:00:30]} 16. b3 {[%emt 0:00:00]} Nf4 {[%emt 0:14:30]} 17. Qf1 {[%emt 0:00:00]} Na3 {[%emt 0:10:30]} 18. Bd3 {[%emt 0:00:00]} Rac8 {[%emt 0:00:00]} 19. Rac1 {[%emt 0:00:00]} Rxc1 {[%emt 0:22:00]} 20. Rxc1 {[%emt 0:00:00]} h6 {[%emt 0:00:30]} 21. g3 {[%emt 0:00:00]} Nxd3 {[%emt 0:04:51]} 22. Qxd3 {[%emt 0:00:00]} Bxe4 {[%emt 0:00:30]} 23. Qxe4 {[%emt 0:00:23]} d5 {[%emt 0:00:30]} 24. exd6 {[%emt 0:00:30]} Qxd6 {[%emt 0:00:30]} 25. Rc6 {[%emt 0:00:30]} Qd1+ {[%emt 0:00:30]} 26. Kg2 {[%emt 0:00:30]} a5 {[%emt 0:00:30]} 27. Ra6 {[%emt 0:00:51]} Qd8 {[%emt 0:07:44]} 28. Qc6 {[%emt 0:02:03]} b4 {[%emt 0:05:41]} 29. Qc5 {[%emt 0:02:08]} Qd3 {[%emt 0:02:43]} 30. Qxa5 {[%emt 0:00:31]} Nc2 {[%emt 0:01:09]} 31. Ra8 {[%emt 0:00:13]} Qe4 {[%emt 0:00:28]} 32. Rxf8+ {[%emt 0:01:06]} Kh7 {[%emt 0:00:13]} 33. Qe5 {[%emt 0:00:12]} Ne1+ {[%emt 0:01:53]} 34. Kf1 {[%emt 0:00:01]} Qxf3 {[%emt 0:01:12]} 35. Kxe1 {[%emt 0:00:02]} f6 {[%emt 0:00:34]} 36. Qe3 {[%emt 0:00:22]} Qd5 {[%emt 0:00:26]} 37. Rc8 {[%emt 0:01:11]} Qh1+ {[%emt 0:00:48]} 38. Ke2 {[%emt 0:00:03]} Qb7 {[%emt 0:00:14]} 39. Rc4 {[%emt 0:00:53]} Qa6 {[%emt 0:00:16]} 40. Qd3+ {[%emt 0:00:27]} f5 {[%emt 0:00:02]} 41. g4 {[%emt 0:00:58]} Qxa2+ {[%emt 0:00:30]} 42. Rc2 {[%emt 0:00:00]} Qa5 {[%emt 0:00:09]} 43. gxf5 {[%emt 0:00:30]} exf5 {[%emt 0:00:00]} 44. Qd4 {[%emt 0:00:31]} Qb5+ {[%emt 0:00:15]} 45. Kd2 {[%emt 0:00:26]} Qb8 {[%emt 0:00:38]} 46. Rc5 {[%emt 0:00:53]} Qxh2 {[%emt 0:02:24]} 47. Rxf5 {[%emt 0:00:10]} Qc7 {[%emt 0:00:19]} 48. Rd5 {[%emt 0:01:03]} Qe7 {[%emt 0:00:47]} 49. Qd3+ {[%emt 0:00:04]} Kg8 {[%emt 0:00:31]} 50. Rd8+ {[%emt 0:00:01]} 1-0

[Event "Turkish Club Cup 2019"]
[Site "Konya"]
[Date "2019.07.18"]
[Round "5"]
[White "Anil, Ali Fazil"]
[Black "Unlu, Ahmet Berkin"]
[Result "0-1"]
[WhiteElo "1999"]
[BlackElo "1806"]
[Annotator "NA RC"]
[PlyCount "116"]
[EventDate "2019.07.16"]
[EventType "team-tourn"]
[EventCountry "TUR"]
[SourceTitle "playchess.com"]
[Source "ChessBase"]
[SourceQuality "1"]
[TimeControl "5400+30"]

1. e4 {[%emt 0:00:30]} e5 {[%emt 0:00:30]} 2. Nf3 {[%emt 0:00:30]} Nc6 {[%emt 0:00:30]} 3. Bb5 {[%emt 0:00:30]} a6 {[%emt 0:00:30]} 4. Ba4 {[%emt 0:00:00]} Nf6 {[%emt 0:00:00]} 5. O-O {[%emt 0:00:00]} d6 {[%emt 0:00:00]} 6. c3 {[%emt 0:05:30]} Be7 {[%emt 0:00:00]} 7. Re1 {[%emt 0:00:30]} O-O {[%emt 0:00:00]} 8. h3 {[%emt 0:00:30]} b5 {[%emt 0:03:30]} 9. Bb3 {[%emt 0:00:30]} Na5 {[%emt 0:00:30]} 10. Bc2 {[%emt 0:00:30]} c5 {[%emt 0:00:30]} 11. d4 {[%emt 0:00:30]} cxd4 {[%emt 0:02:30]} 12. cxd4 {[%emt 0:00:30]} Qc7 {[%emt 0:00:30]} 13. Nbd2 {[%emt 0:14:30]} Be6 {[%emt 0:02:30]} 14. d5 {[%emt 0:04:30]} Bd7 {[%emt 0:00:00]} 15. Nf1 {[%emt 0:04:30]} Rfc8 {[%emt 0:04:00]} 16. Bd3 {[%emt 0:01:30]} Nc4 {[%emt 0:14:30]} 17. b3 {[%emt 0:01:30]} Nb6 {[%emt 0:01:30]} 18. Qe2 {[%emt 0:04:30]} Qb7 {[%emt 0:02:30]} 19. Bd2 {[%emt 0:00:30]} Bd8 {[%emt 0:02:30]} 20. Ng3 {[%emt 0:04:30]} Rcb8 {[%emt 0:01:30]} 21. Nh4 {[%emt 0:07:30]} Nc8 {[%emt 0:06:30]} 22. Nhf5 {[%emt 0:02:30]} g6 {[%emt 0:01:30]} 23. Nh6+ {[%emt 0:07:30]} Kg7 {[%emt 0:02:30]} 24. f4 {[%emt 0:10:30]} Bb6+ {[%emt 0:03:30]} 25. Kh2 {[%emt 0:00:30]} Bd4 {[%emt 0:00:30]} 26. f5 {[%emt 0:02:30]} Ne7 {[%emt 0:03:30]} 27. Bg5 {[%emt 0:08:13]} Neg8 {[%emt 0:02:30]} 28. Nxg8 {[%emt 0:01:32]} Nxg8 {[%emt 0:00:30]} 29. Rad1 {[%emt 0:04:06]} f6 {[%emt 0:13:30]} 30. Bd2 {[%emt 0:00:13]} g5 {[%emt 0:02:30]} 31. h4 {[%emt 0:00:58]} h6 {[%emt 0:02:30]} 32. Qg4 {[%emt 0:01:20]} Be8 {[%emt 0:01:30]} 33. Rf1 {[%emt 0:00:54]} Kf8 {[%emt 0:01:30]} 34. Be2 {[%emt 0:02:01]} Rc8 {[%emt 0:01:30]} 35. Bd3 {[%emt 0:02:17]} Rc7 {[%emt 0:00:30]} 36. Rh1 {[%emt 0:04:52]} h5 {[%emt 0:03:30]} 37. Qf3 {[%emt 0:01:31]} g4 {[%emt 0:00:30]} 38. Qe2 {[%emt 0:00:46]} Kg7 {[%emt 0:07:47]} 39. Rhf1 {[%emt 0:00:49]} Kh7 {[%emt 0:01:33]} 40. Be3 {[%emt 0:01:10]} Bxe3 {[%emt 0:00:59]} 41. Qxe3 {[%emt 0:00:02]} Qa7 {[%emt 0:00:06]} 42. Qxa7 {[%emt 0:00:32]} Raxa7 {[%emt 0:00:01]} 43. Rc1 {[%emt 0:00:00]} Kg7 {[%emt 0:01:56]} 44. Kg1 {[%emt 0:00:00]} Kf8 {[%emt 0:00:02]} 45. Kf2 {[%emt 0:00:25]} Ke7 {[%emt 0:00:33]} 46. Ke2 {[%emt 0:00:42]} Kd8 {[%emt 0:00:16]} 47. Kd2 {[%emt 0:00:16]} Rxc1 {[%emt 0:00:49]} 48. Kxc1 {[%emt 0:00:41]} Kc7 {[%emt 0:00:21]} 49. Kb2 {[%emt 0:00:09]} Kb6 {[%emt 0:00:12]} 50. Ra1 {[%emt 0:00:21]} Ne7 {[%emt 0:04:52]} 51. a4 {[%emt 0:00:28]} bxa4 {[%emt 0:01:04]} 52. bxa4 {[%emt 0:00:30]} Rc7 {[%emt 0:00:20]} 53. Rc1 {[%emt 0:03:20]} Rxc1 {[%emt 0:02:28]} 54. Kxc1 {[%emt 0:00:02]} Nc8 {[%emt 0:00:00]} 55. Kb2 {[%emt 0:00:44]} Ka5 {[%emt 0:00:02]} 56. Ka3 {[%emt 0:01:04]} Nb6 {[%emt 0:00:05]} 57. Bc2 {[%emt 0:00:38]} Nc4+ {[%emt 0:00:06]} 58. Kb3 {[%emt 0:01:05]} Ne3 {[%emt 0:00:05]} 0-1

[Event "Turkish Club Cup 2019"]
[Site "Konya"]
[Date "2019.07.18"]
[Round "5"]
[White "Guner, Bulent"]
[Black "Sahinoglu, Hakan"]
[Result "1/2-1/2"]
[WhiteElo "1979"]
[BlackElo "1844"]
[Annotator "NA"]
[PlyCount "81"]
[EventDate "2019.07.16"]
[EventType "team-tourn"]
[EventCountry "TUR"]
[SourceTitle "playchess.com"]
[Source "ChessBase"]
[SourceQuality "1"]
[TimeControl "5400+30"]

1. d4 {[%emt 0:00:30]} Nf6 {[%emt 0:00:30]} 2. Nf3 {[%emt 0:00:30]} e6 {[%emt 0:00:30]} 3. c4 {[%emt 0:01:30]} d5 {[%emt 0:00:30]} 4. Nc3 {[%emt 0:00:30]} Nbd7 {[%emt 0:00:30]} 5. Bg5 {[%emt 0:01:30]} Be7 {[%emt 0:00:30]} 6. e3 {[%emt 0:00:30]} O-O {[%emt 0:00:30]} 7. Rc1 {[%emt 0:00:30]} c6 {[%emt 0:02:30]} 8. Bd3 {[%emt 0:02:30]} h6 {[%emt 0:03:30]} 9. Bh4 {[%emt 0:03:30]} dxc4 {[%emt 0:00:30]} 10. Bxc4 {[%emt 0:00:30]} b5 {[%emt 0:00:00]} 11. Bd3 {[%emt 0:01:30]} Bb7 {[%emt 0:03:00]} 12. O-O {[%emt 0:00:30]} a6 {[%emt 0:01:30]} 13. Bxf6 {[%emt 0:06:30]} Nxf6 {[%emt 0:00:30]} 14. Ne4 {[%emt 0:01:30]} Rc8 {[%emt 0:04:30]} 15. Qe2 {[%emt 0:06:30]} Qb6 {[%emt 0:05:30]} 16. Nc5 {[%emt 0:02:30]} Bxc5 {[%emt 0:02:30]} 17. dxc5 {[%emt 0:00:30]} Qc7 {[%emt 0:00:00]} 18. Rfd1 {[%emt 0:03:30]} e5 {[%emt 0:03:00]} 19. Qc2 {[%emt 0:04:30]} Rfe8 {[%emt 0:03:30]} 20. Be4 {[%emt 0:09:30]} Rcd8 {[%emt 0:03:30]} 21. h3 {[%emt 0:03:30]} Bc8 {[%emt 0:02:30]} 22. Rd6 {[%emt 0:14:30]} Nxe4 {[%emt 0:33:30]} 23. Qxe4 {[%emt 0:00:30]} Rxd6 {[%emt 0:00:30]} 24. cxd6 {[%emt 0:02:30]} Qxd6 {[%emt 0:00:30]} 25. Qxc6 {[%emt 0:01:30]} Qxc6 {[%emt 0:00:30]} 26. Rxc6 {[%emt 0:00:30]} Bb7 {[%emt 0:00:00]} 27. Rb6 {[%emt 0:03:30]} Bxf3 {[%emt 0:00:00]} 28. gxf3 {[%emt 0:00:00]} Re6 {[%emt 0:00:30]} 29. Rb8+ {[%emt 0:04:00]} Kh7 {[%emt 0:00:00]} 30. Ra8 {[%emt 0:00:30]} Kg6 {[%emt 0:01:00]} 31. b4 {[%emt 0:01:30]} f5 {[%emt 0:01:30]} 32. a3 {[%emt 0:01:30]} Kg5 {[%emt 0:01:30]} 33. Ra7 {[%emt 0:02:30]} g6 {[%emt 0:00:30]} 34. Kg2 {[%emt 0:00:30]} Rc6 {[%emt 0:00:30]} 35. Ra8 {[%emt 0:01:30]} f4 {[%emt 0:02:30]} 36. e4 {[%emt 0:02:41]} Kf6 {[%emt 0:02:30]} 37. Ra7 {[%emt 0:02:51]} Ke6 {[%emt 0:04:01]} 38. Rg7 {[%emt 0:00:21]} Kf6 {[%emt 0:04:53]} 39. Ra7 {[%emt 0:00:11]} Rd6 {[%emt 0:01:41]} 40. Kf1 {[%emt 0:02:20]} h5 {[%emt 0:12:12]} 41. Kg2 {[%emt 0:00:38]} 1/2-1/2

[Event "Turkish Club Cup 2019"]
[Site "Konya"]
[Date "2019.07.18"]
[Round "5"]
[White "Kul, Ozdemir Efe"]
[Black "Gokcek, Kursat Bugra"]
[Result "1-0"]
[WhiteElo "1974"]
[BlackElo "2150"]
[Annotator "TA"]
[PlyCount "105"]
[EventDate "2019.07.16"]
[EventType "team-tourn"]
[EventCountry "TUR"]
[SourceTitle "playchess.com"]
[Source "ChessBase"]
[SourceQuality "1"]

{[%evp 14,105,2,-23,7,-27,-27,-27,-20,-45,-44,-34,-42,-34,-27,-36,-32,-30,-14,-48,-35,-44,-46,-56,-44,-46,-48,-57,-45,-54,-58,-104,-60,-105,-24,-16,-22,-29,-18,-15,10,0,19,-12,0,0,72,70,104,85,84,45,61,31,41,0,21,-61,-67,-64,71,73,159,79,165,31,122,130,352,371,458,440,403,349,570,519,29970,29971,29971,29972,29972,29973,29973,29974,29975,29976,29975,29977,29978,29979,29977,29977,29980,29980]} 1. e4 c6 2. d3 d5 3. Nd2 e5 4. Ngf3 Bd6 5. g3 Nf6 6. Bg2 O-O 7. O-O Nbd7 8. Re1 Qc7 {B10: Caro-Kann: 2 d3 and 2 c4} (8... Re8 9. a4 a5 10. h3 Bc7 11. b3 Nf8 12. Bb2 Ng6 13. Nf1 h6 14. N3h2 d4 15. Bc1 b5 16. h4 Bd7 17. h5 {0-1 (40) Maghsoodloo,P (2688)-Vallejo Pons,F (2695) St Petersburg 2018}) 9. h3 Re8 10. Nh4 Bf8 $146 {Black has an edge.} ({Predecessor:} 10... Nc5 11. Kh2 a5 12. Qf3 Qd8 13. Nf1 d4 14. Nf5 Ne6 15. g4 {1-0 (61) Wang,C (2500)-Ravi,T (2401) Kolkata 2015}) 11. Nf5 g6 12. Ne3 {[%cal Re4d5]} d4 13. Ng4 Nxg4 14. Qxg4 Bg7 15. Qe2 Nf8 16. c3 Ne6 17. Nb3 c5 18. cxd4 cxd4 19. Bd2 b6 20. Rec1 Qb8 21. Rc2 a5 22. Qf1 Bb7 23. f4 Bh6 (23... a4 $17 24. Nc1 Rc8 25. Rxc8+ Qxc8) 24. f5 $11 Bxd2 25. Rxd2 Nf8 26. Rf2 Bc8 27. h4 Ra7 28. a4 Qd6 29. Nd2 h6 (29... Ba6 $11) 30. Nc4 $16 Qb8 31. Qc1 Kg7 32. Qd2 Ba6 $1 33. Na3 Qd6 34. Nc2 Rc7 35. b4 (35. Raf1 $11) 35... Rec8 $1 $15 36. Ra2 Bxd3 (36... Rc3 $15 {stays ahead.} 37. b5 Bb7) 37. Qxd3 $16 axb4 {[#]} ({Black should try} 37... Rc3 38. Qb5 gxf5) 38. Qb5 ({White should play} 38. Qb3 $1) 38... Rc4 (38... d3 $16 39. Nxb4 Rc5 40. Qxd3 (40. f6+ Kh7 $14) 40... Rc1+ {[%mdl 64] Discovered Attack} 41. Kh2 Qxb4) 39. Rb2 (39. fxg6 $18 {And now Bh3 would win.} b3 40. Qxb3 Qxg6 41. a5 bxa5 42. Rxa5) 39... R8c5 ({Better is} 39... gxf5 $1 $14 40. exf5 (40. Nxb4 R8c5 $11) 40... Nd7) 40. Qe8 {fxg6 is the strong threat.} Rc7 $2 {[#]} (40... gxf5 $16 41. Rxf5 (41. Nxb4 Rc8 $11) 41... Qe6 42. Qxe6 fxe6) 41. Nxb4 $1 $18 {[%mdl 512]} gxf5 {intending ...Rc8.} (41... Rxb4 42. Rxb4) 42. Nd5 Rc8 43. Qb5 fxe4 $2 (43... Rc1+ 44. Kh2 f4 45. gxf4 exf4 46. Qxb6 Qxb6 47. Nxb6 Rd8) 44. Bxe4 R8c5 (44... Nd7 $18 45. Kg2 R8c5) 45. Rxf7+ {[%mdl 64] Clearance. White mates.} Kxf7 {[#]} 46. Rf2+ $1 Kg7 47. Qe8 Rc7 48. Nxc7 Rxc7 {[#]} 49. Rxf8 $1 {[%mdl 576] Deflection} Qxf8 50. Qxe5+ {[%mdl 64] Double Attack} Qf6 51. Qxc7+ Kf8 52. Qf4 Qxf4 53. gxf4 {Accuracy: White = 48%, Black = 28%.} 1-0

[Event "Turkish Club Cup 2019"]
[Site "Konya"]
[Date "2019.07.18"]
[Round "5"]
[White "Aydin, Gulenay"]
[Black "Ozates, Mert"]
[Result "1/2-1/2"]
[WhiteElo "1934"]
[BlackElo "1758"]
[Annotator "NA RC"]
[PlyCount "160"]
[EventDate "2019.07.16"]
[EventType "team-tourn"]
[EventCountry "TUR"]
[SourceTitle "playchess.com"]
[Source "ChessBase"]
[SourceQuality "1"]
[TimeControl "5400+30"]

1. e4 {[%emt 0:00:30]} e6 {[%emt 0:00:30]} 2. d4 {[%emt 0:00:30]} d5 {[%emt 0:00:00]} 3. Nd2 {[%emt 0:00:00]} dxe4 {[%emt 0:00:00]} 4. Nxe4 {[%emt 0:00:00]} Nd7 {[%emt 0:00:00]} 5. Nf3 {[%emt 0:00:30]} Ngf6 {[%emt 0:01:00]} 6. Nxf6+ {[%emt 0:02:30]} Nxf6 {[%emt 0:00:30]} 7. Bd3 {[%emt 0:00:30]} Be7 {[%emt 0:00:30]} 8. O-O {[%emt 0:02:30]} O-O {[%emt 0:00:30]} 9. c3 {[%emt 0:02:30]} b6 {[%emt 0:03:30]} 10. Qe2 {[%emt 0:10:30]} Bb7 {[%emt 0:00:30]} 11. Bf4 {[%emt 0:01:30]} Bd6 {[%emt 0:16:30]} 12. Bg5 {[%emt 0:09:30]} h6 {[%emt 0:03:30]} 13. Bh4 {[%emt 0:02:30]} Be7 {[%emt 0:05:30]} 14. Rad1 {[%emt 0:06:30]} Nh5 {[%emt 0:08:30]} 15. Bg3 {[%emt 0:01:30]} Nxg3 {[%emt 0:05:30]} 16. hxg3 {[%emt 0:01:30]} Bf6 {[%emt 0:05:30]} 17. Rfe1 {[%emt 0:03:30]} Qd5 {[%emt 0:07:30]} 18. Bb1 {[%emt 0:09:30]} Rad8 {[%emt 0:07:30]} 19. Qd3 {[%emt 0:03:30]} g6 {[%emt 0:01:30]} 20. Qe3 {[%emt 0:01:30]} Bg7 {[%emt 0:06:30]} 21. Qf4 {[%emt 0:03:30]} Qd6 {[%emt 0:10:39]} 22. Qc1 {[%emt 0:10:30]} c5 {[%emt 0:01:41]} 23. Be4 {[%emt 0:05:30]} Bxe4 {[%emt 0:02:11]} 24. Rxe4 {[%emt 0:00:00]} cxd4 {[%emt 0:02:16]} 25. cxd4 {[%emt 0:03:21]} Qd5 {[%emt 0:00:42]} 26. Qb1 {[%emt 0:01:01]} Rd6 {[%emt 0:04:43]} 27. Re2 {[%emt 0:02:28]} Rfd8 {[%emt 0:01:01]} 28. Red2 {[%emt 0:00:40]} Qb7 {[%emt 0:02:10]} 29. Qc2 {[%emt 0:01:14]} Rd5 {[%emt 0:00:54]} 30. Qc3 {[%emt 0:01:39]} R8d6 {[%emt 0:01:50]} 31. Qe3 {[%emt 0:03:06]} Qd7 {[%emt 0:00:27]} 32. Kf1 {[%emt 0:05:41]} Qa4 {[%emt 0:00:42]} 33. b3 {[%emt 0:02:00]} Qb5+ {[%emt 0:00:15]} 34. Qe2 {[%emt 0:00:25]} Qb4 {[%emt 0:01:13]} 35. Qc4 {[%emt 0:00:55]} Qb5 {[%emt 0:00:39]} 36. Qxb5 {[%emt 0:01:07]} Rxb5 {[%emt 0:00:07]} 37. Rc1 {[%emt 0:01:31]} Rbd5 {[%emt 0:00:34]} 38. Rc7 {[%emt 0:01:03]} Rd7 {[%emt 0:00:26]} 39. Rxd7 {[%emt 0:00:56]} Rxd7 {[%emt 0:00:30]} 40. Ke2 {[%emt 0:00:00]} Kf8 {[%emt 0:00:16]} 41. Ne5 {[%emt 0:00:23]} Rd5 {[%emt 0:01:13]} 42. f4 {[%emt 0:00:15]} Ke7 {[%emt 0:00:59]} 43. Ke3 {[%emt 0:00:17]} g5 {[%emt 0:00:40]} 44. Rc2 {[%emt 0:00:20]} Bxe5 {[%emt 0:00:02]} 45. fxe5 {[%emt 0:02:08]} h5 {[%emt 0:00:26]} 46. Rc1 {[%emt 0:00:23]} Kd7 {[%emt 0:00:46]} 47. Rf1 {[%emt 0:01:06]} Ke7 {[%emt 0:00:06]} 48. Kd3 {[%emt 0:00:32]} Ra5 {[%emt 0:01:05]} 49. a4 {[%emt 0:00:30]} b5 {[%emt 0:00:00]} 50. axb5 {[%emt 0:00:32]} Rxb5 {[%emt 0:00:18]} 51. Kc4 {[%emt 0:00:59]} Ra5 {[%emt 0:00:18]} 52. Rh1 {[%emt 0:00:11]} Ra2 {[%emt 0:01:15]} 53. Rxh5 {[%emt 0:00:30]} Rxg2 {[%emt 0:00:02]} 54. Rxg5 {[%emt 0:00:02]} Rc2+ {[%emt 0:00:27]} 55. Kb5 {[%emt 0:00:29]} Rc3 {[%emt 0:00:23]} 56. Kb4 {[%emt 0:00:50]} Rd3 {[%emt 0:00:15]} 57. Rg4 {[%emt 0:00:04]} Rd1 {[%emt 0:00:51]} 58. Rf4 {[%emt 0:00:14]} Rd3 {[%emt 0:00:59]} 59. g4 {[%emt 0:00:06]} Rg3 {[%emt 0:00:26]} 60. Kc4 {[%emt 0:00:38]} Rg1 {[%emt 0:00:16]} 61. b4 {[%emt 0:00:37]} Rb1 {[%emt 0:00:52]} 62. Rf3 {[%emt 0:01:12]} Ra1 {[%emt 0:00:31]} 63. Rc3 {[%emt 0:00:35]} Kf8 {[%emt 0:00:27]} 64. Kb5 {[%emt 0:00:38]} Rd1 {[%emt 0:00:34]} 65. Kc5 {[%emt 0:00:32]} Ra1 {[%emt 0:00:10]} 66. Kc6 {[%emt 0:00:35]} Rd1 {[%emt 0:00:44]} 67. Rc4 {[%emt 0:00:30]} Kg7 {[%emt 0:00:30]} 68. Kd7 {[%emt 0:00:35]} Kg6 {[%emt 0:00:26]} 69. Ke8 {[%emt 0:00:23]} Rg1 {[%emt 0:00:36]} 70. Rc7 {[%emt 0:00:33]} Rxg4 {[%emt 0:00:15]} 71. Rxa7 {[%emt 0:00:30]} Rxd4 {[%emt 0:00:12]} 72. Rxf7 {[%emt 0:00:37]} Rxb4 {[%emt 0:00:14]} 73. Rf6+ {[%emt 0:00:03]} Kg5 {[%emt 0:00:22]} 74. Kf7 {[%emt 0:00:49]} Rb5 {[%emt 0:01:02]} 75. Kxe6 {[%emt 0:00:09]} Rb6+ {[%emt 0:00:12]} 76. Kf7 {[%emt 0:00:44]} Rb7+ {[%emt 0:00:17]} 77. Kf8 {[%emt 0:00:31]} Rb5 {[%emt 0:00:21]} 78. Kf7 {[%emt 0:00:42]} Rxe5 {[%emt 0:00:13]} 79. Rf1 {[%emt 0:00:11]} Rf5+ {[%emt 0:00:11]} 80. Rxf5+ {[%emt 0:00:01]} Kxf5 {[%emt 0:00:34]} 1/2-1/2